Music Quiz

Random Music or Kpop Quiz

GUESS THIS KPOP SONG TITLE - ENGLISH LYRICS Quiz Stats

Quiz not verified by Sporcle

Challenge
Share
Tweet
Embed
Score 0/32 Timer 10:00
0 Plays Today
Hint Answer % Correct
EVERY DAY, EVERY NIGHT, FEEL LIKE A FOOLGOT7 - IF YOU DO
69.1%
DON'T BE AFRAID, LOVE IS THE WAYEXO - MONSTER
63.4%
MY LIFE IS A BEAUTYTAEYEON - I
62.5%
DON'T BE LIKE A PREY, (BE) SMOOTH LIKE A LIKE A SNAKEJIMIN - LIE
57.4%
YES I'M A BAD BOY SO I LIKE BAD GIRLBTS - WAR OF HORMONE
57.1%
FREEZE! ARMOR DOWN!VIXX - CHAINED UP
56.9%
I GOT YOU UNDER MY SKINTVXQ - MIROTIC
56.2%
HANDS UP IF YOU FEELIN' THE VIBE NOWNCT 127 - FIRETRUCK
55.2%
IT JUST COMES SO NATURAL, IT JUST COMES AUTOMATICRED VELVET - AUTOMATIC
53.4%
I'M GOOD, I'M HOT, I'M FRESH, I'M FLYAOA - LIKE A CAT
53.2%
I'M GOING TO FIND MY HEART, MY HEART, MY HEARTSNSD - CATCH ME IF YOU CAN
45.4%
GOTTA SEE YOU LOVE ME LIKE A REAL MANTWICE - CHEER UP
44.7%
DOES ANYONE KNOW, DOES ANYONE KNOW HOW IT MAKES ME FELL2NE1 - GOODBYE
41.4%
TOO BEAUTIFUL TO HANDLEMONSTA X - BEAUTIFUL
40.4%
YOU NEED TO LET IT GO GO, LEAVE ME ALONE LONEK.A.R.D - DON'T RECALL
40.1%
ALWAYS ON MY MIND, THAT GIRL IS ON MY MIND 24/7/365BTOB - I'LL BE YOUR MAN
31.9%
Hint Answer % Correct
Y'ALL FAKE BITCHES TRYNA ACT LIKE MEZICO (FT. CRUSH, DEAN) - BERMUDA TRIANGLE
31.9%
OH GIRL, I CRY CRY, YOU'RE MY ALL, SAY GOODBYEBIGBANG - HARU HARU
30%
MONEY MAKER, RUMP SHAKER, HEARTBREAKER, CHEST TAKER, NET PAYER, ONE SLAYERSISTAR - SHAKE IT
28%
HEY BLOW IT LIKE A TRUMPETSF9 - FANFARE
27%
LIKE SATELLITES AND SHOOTING STARSSHINHWA - THIS LOVE
20.3%
BABY GIVE ME SOME, GIVE ME GIVE ME SOME YEAGD & T.O.P - ZUTTER
20.2%
I'M LOSING MY MIND BUT YOU'RE STILL BRIGHTMONSTA X - STUCK
20%
AND I HAD THE ANSWERS BUT NOW THEY MEAN NOTHINGF(X) - 4 WALLS
14.3%
WELL I DON'T CARE EVEN IF YOU'RE A SWEET LIARSUZY & BAEKHYUN - DREAM
14%
ALL YOU WANNA DO IS BANG BANG BANG BANG AND CLICK CATCHING AND TAKE MY MONEYSEVENTEEN - NO F.U.N
13.7%
LET HER SLEEP WELL YEAHZICO - SHE'S A BABY
9.4%
BABY I'M PRETTY YOUNG AND WILD AND SO FINEJIMIN (FT. XIUMIN) - CALL YOU BAE
8.2%
NO MORE PLAYIN' COOL, COOL, YOU AND I ERIC NAM - CAN'T HELP MYSELF
6.5%
TONIGHT'S ATMOSPHERE IS HAZY, I ENJOY THIS THRILL IT'S CRAZYBTOB - THRILLER
5.6%
BABY IT'S YOUR LAST TIME TO GIVE ME YOUR BEST TRYDEAN (FT. CRUSH, JEFF BERNAT) - WHAT2DO
5.2%
OH MY GOD BE MA MA BABEN.FLYING - AWESOME
4.2%

You're not logged in!

Compare scores with friends on all Sporcle quizzes.
Sign Up with Email
OR
Log In

You Might Also Like...

Show Comments

Extras

Top Quizzes Today


Score Distribution

Your Account Isn't Verified!

In order to create a playlist on Sporcle, you need to verify the email address you used during registration. Go to your Sporcle Settings to finish the process.